<?xml version="1.0" encoding="UTF-8"?>
<collection xmlns="http://www.loc.gov/MARC21/slim">
<record>
  <controlfield tag="001">163668</controlfield>
  <controlfield tag="005">20251028143427.0</controlfield>
  <datafield tag="024" ind1="8" ind2=" ">
    <subfield code="2">innovaciondocente</subfield>
    <subfield code="a">5233</subfield>
  </datafield>
  <datafield tag="037" ind1=" " ind2=" ">
    <subfield code="a">INNODOC-2024-5233</subfield>
  </datafield>
  <datafield tag="041" ind1=" " ind2=" ">
    <subfield code="a">spa</subfield>
  </datafield>
  <datafield tag="100" ind1=" " ind2=" ">
    <subfield code="0">(orcid)0000-0001-7907-6611</subfield>
    <subfield code="a">Gimeno Marco, Fernando</subfield>
    <subfield code="e">coord.</subfield>
  </datafield>
  <datafield tag="245" ind1=" " ind2=" ">
    <subfield code="a">FACTOR HUMANO EN ODONTOLOGÍA: ENFERMOS CRÓNICOS EN REHABILITACIÓN</subfield>
  </datafield>
  <datafield tag="260" ind1=" " ind2=" ">
    <subfield code="a">Zaragoza</subfield>
    <subfield code="b">Universidad de Zaragoza</subfield>
    <subfield code="c">2024</subfield>
  </datafield>
  <datafield tag="520" ind1="3" ind2=" ">
    <subfield code="a">El presente proyecto busca acercar la realidad de las personas con enfermedades crónicas en rehabilitación a los alumnos que cursan el grado de odontología. Con el objetivo de que el alumnado conozca realidades de salud física y consumo de fármacos que afectan a la salud bucodental de las personas con enfermedades crónicas y que pueden ser pasadas por alto en la futura intervención odontológica cuando finalicen la carrera si no se acerca la realidad de dichas personas a los alumnos y las alumnas. Mediante su participación en las sesiones del programa de rehabilitación, en las cuales el alumnado conocerá a las personas que pertenecen a la Asociación para la Rehabilitación Permanente de Enfermedades Reumáticas y otras patologías crónicas (ARPER) la cual es una asociación sin ánimo de lucro con el objetivo de ayudar a la rehabilitación de las personas con enfermedades crónicas.</subfield>
  </datafield>
  <datafield tag="700" ind1=" " ind2=" ">
    <subfield code="a">Cregenzán Royo, Olga</subfield>
  </datafield>
  <datafield tag="856" ind1="4" ind2=" ">
    <subfield code="s">89510</subfield>
    <subfield code="u">http://zaguan.unizar.es/record/163668/files/memoria_PISOC_2024_5233.pdf</subfield>
    <subfield code="y">Memoria del proyecto</subfield>
  </datafield>
  <datafield tag="970" ind1=" " ind2=" ">
    <subfield code="a">INNODOC-2024-5233</subfield>
  </datafield>
  <datafield tag="980" ind1=" " ind2=" ">
    <subfield code="a">INNODOC</subfield>
    <subfield code="b">PISOC</subfield>
  </datafield>
</record>
</collection>